000 00370pab a2200133 454500
008 180718b1985 xxu||||| |||| 00| 0 eng d
100 _aKanekar, Suresh and others
245 _aCasual and moral responsibility of victims of rape and robbery
260 _c1985
300 _a62-37
650 _aSex Crimes
773 _aJr. of Applied Social Psychology
909 _a18062
999 _c18062
_d18062